| 000 | 00665cab a2200265 4500 | ||
|---|---|---|---|
| 001 | A31 | ||
| 008 | 090401t1990 xxu||||| |||| 00| 0 eng d | ||
| 035 | _a(Sirsi) u31790 | ||
| 041 | _aeng | ||
| 100 | _aBailey, Stephen J. | ||
| 245 | _aCharges for local infrastructure | ||
| 260 | _c1990 | ||
| 350 | _a0 | ||
| 490 |
_aTown Planning Review _v61(4) October 1990, 427-453(27) |
||
| 650 | _aCANADA | ||
| 650 | _aDEVELOPMENT CHARGES | ||
| 650 | _aDEVELOPMENT FEES | ||
| 650 | _aFUNDING | ||
| 650 | _aPLANNING GAIN | ||
| 650 | _aPRIVATE SECTOR | ||
| 650 | _aUNITED STATES | ||
| 690 | _aTRANSPORT AND COMMUNICATIONS | ||
| 942 | _n0 | ||
| 948 | _c04/03/1997 | ||
| 999 |
_c21340 _d21340 |
||